| 000 | 01083nam a2200217Ia 4500 | ||
|---|---|---|---|
| 003 | Ost | ||
| 005 | 20260507074956.0 | ||
| 008 | 260507s9999||||xx |||||||||||||| ||und|| | ||
| 040 | _cfsecg | ||
| 041 | _aara | ||
| 082 | _a332.1 | ||
| 100 |
_aكامل، أسامة _eمؤلف |
||
| 245 | 0 |
_aالنقود والبنوك / _c أسامة كامل |
|
| 260 |
_aالإسكندرية: _bمؤسسة لوردالعالمية, _c2006 |
||
| 300 |
_a250 صفحة؛ _bإيضاحات ؛ _c25 سم |
||
| 520 | _aماهية النقود وخصائصها،تطور النقود وأهميتها،النظام النقدي،المؤسسات النقدية المالية،الائتمان،البنوك التجارية،البنك المركزي،المؤسسات النقدية والمالية الوسيطة،النقود والمتغيرات الاقتصادية،قيمة النقود من خلال التحليل النقدي،النقود والتضخم | ||
| 653 | _aبنوك | ||
| 653 | _aنقود | ||
| 700 |
_aحامد، عبد الغني _eمؤلف ثانوي |
||
| 942 | _cكتاب | ||
| 999 |
_c42029 _d42029 |
||